Análisis y operación integrada de un complejo petroquímico /
Guardado en:
| Otros Autores: | |
|---|---|
| Formato: | Manuscrito |
| Idioma: | Spanish |
| Publicado: |
2005.
|
| Materias: | |
| Etiquetas: |
Agregar Etiqueta
Sin Etiquetas, Sea el primero en etiquetar este registro!
|
| LEADER | 00987ntm a22002295a 4500 | ||
|---|---|---|---|
| 001 | EIQ.libpla000526 | ||
| 008 | 060220s2005####ag#a#####bm###000#0#spa#d | ||
| 005 | 20061110183730.0 | ||
| 245 | 1 | 0 | |a Análisis y operación integrada de un complejo petroquímico / |c Erica Patricia Schulz. |
| 260 | |c 2005. | ||
| 300 | |a x, 141 p. : |b il. ; |c 21 cm. | ||
| 502 | |a Tesis (doctorado)--Universidad Nacional del Sur. Departamento de Ingeniería Química, 2005. | ||
| 500 | |a Director de tesis: Dr. José Alberto Bandoni, directora adjunta Dra. María Soledad Díaz. | ||
| 504 | |a Incluye referencias bibliográficas. | ||
| 100 | 1 | |a Schulz, Erica Patricia. |4 dis | |
| 710 | 2 | |a Universidad Nacional del Sur (UNS). |b Dto. de Ingeniería Química |4 dgg. | |
| 650 | 4 | |a Gas natural |x Modelos matemáticos. | |
| 650 | 4 | |a Gas natural |x Tesis. | |
| 650 | 4 | |a Natural gas |x Mathematical models. | |
| 650 | 4 | |a Natural gas |x Theses. | |
| 040 | |a AR-BbSID |b spa |c AR-BbSID | ||
| 859 | |a AR-BbSID |b BIB. PLAPIQUI |h 660.28073 |i Sch 82 |p 5823 | ||
